Belediye hizmetlerinde ilkeler / (Kayıt no. 10279)

MARC ayrıntıları
000 -BAŞLIK
Sabit Uzunluktaki Kontrol Alanı 01260nam a22002297a 4500
003 - KONTROL NUMARASI KİMLİĞİ
Kontrol Alanı KOHA_MİRAKIL
005 - EN SON İŞLEM TARİHİ ve ZAMANI
Kontrol Alanı 20260416103615.0
008 - SABİT UZUNLUKTAKİ VERİ ÖGELERİ - GENEL BİLGİ
Sabit Alan 260416b tu ||||| |||| 00| 0 tur d
020 ## - ISBN - ULUSLARARASI STANDART KİTAP NUMARASI
Isbn 9786057331595
040 ## - KATALOGLAMA KAYNAĞI
Özgün Kataloglama Kurumu TR-AnABB
Kataloglama Dili tur
Çeviri Kurumu TR-AnABB
041 ## - DİL KODU
Metin ya da ses kaydının dil kodu tur
082 ## - DEWEY ONU SINIFLAMA SİSTEMİ
Sınıflama Numarası 352.007 2
Cutter numarası BEL 2023
245 00 - ESER ADI BİLDİRİMİ
Başlık Belediye hizmetlerinde ilkeler /
Sorumluluk Bildirimi Editör : Emir Osmanoğlu
260 ## - YAYIN, DAĞITIM, VB.
Yayın Yeri Ankara :
Yayınevi İdealkent Yayınları,
Yayın Tarihi 2023
300 ## - FİZİKSEL TANIMLAMA
Sayfa, Cilt vb. 255 sayfa ;
Boyutları 20 cm
490 0# - DİZİ BİLDİRİMİ
Dizi Bildirimi İdealkent yayınları ;
Cilt Numarası 66
505 ## - İÇİNDEKİLER NOTU
İçindekiler Notu İçindekiler: Belediye hizmetlerinde ilkeler için bir giriş denemesi - Kent hakkını yeniden düşünmek - iyi yönetişim: kuram, ilkeler, mevzuat ve politika yapımı - Sürdürülebilir ve yaşanabilir kentler bağlamında kent kimliği ve estetiği - Günümüz kentinde ulaşım problemlerine farklı yaklaşımlar - Yaş dostu kentler ve aktif yaşlanma - Küresel sorunla yerel mücadele: Belediyelerin yoksullukla mücadelede karşılaştıkları sorunlar ve çözüm önerileri - Hayvan hakları - Dijitalleşme çağıda akıllı kentler ve coğrafi bilgi sistemleri
650 04 - KONU BAŞLIĞI EK GİRİŞ - KONU TERİMİ
Konusal terim veya coğrafi ad Yerel yönetim ilkeleri
700 1# - EK GİRİŞ - KİŞİ ADI
Yazar Adı (Kişi adı) Osmanoğlu, Emir,
İlişkili Terim editör
9 (RLIN) 3488
900 ## - YEREL BİLGİ
Kontrol Can ÇELIK
942 ## - EK GİRİŞ ÖGELERİ (KOHA)
Sınıflama Kaynağı Dewey Decimal Classification
Materyal Türü Kitap
Mevcut
Geri Çekilme Durumu Kayıp Durumu Sınıflandırma Kaynağı Kredi için değil Kalıcı Konum Mevcut Konum Kayıt Tarih Toplam Ödünçverme Yer Numarası Demirbaş Numarası Son Görülme Tarihi Fatura Tarihi Materyal Türü
    Dewey Decimal Classification   Prof. Dr. Ruşen Keleş Kütüphanesi Prof. Dr. Ruşen Keleş Kütüphanesi 16/04/2026   352.007 2 BEL 2023 RK7169 16/04/2026 16/04/2026 Kitap